[Event "AZE-ch 70th"]
[Site "Baku"]
[Date "2015.01.06"]
[Round "1"]
[White "Bajarani, Ulvi"]
[Black "Shabanov, Nurlan Mammad"]
[Result "1-0"]
[WhiteElo "2494"]
[BlackElo "2165"]
[PlyCount "91"]
[EventDate "2015.01.06"]
[EventType "swiss"]
[EventRounds "9"]
[EventCountry "AZE"]
[SourceTitle "CBM 164 Extra"]
[Source "ChessBase"]
[SourceDate "2015.03.02"]
[SourceVersion "1"]
[SourceVersionDate "2015.03.02"]
[SourceQuality "1"]

1. d4 d6 2. e4 g6 3. Nc3 Bg7 4. f4 Nf6 5. Nf3 0-0 6. Bd3 c5 7. dxc5 dxc5 8. e5 Nd5 9. Nxd5 Qxd5 10. Qe2 Bg4 11. Be4 Qd7 12. Be3 Na6 13. 0-0 Rad8 14. Rad1 Qc8 15. Qb5 b6 16. c3 Nc7 17. Qa4 Bf5 18. Bxf5 Qxf5 19. Rxd8 Rxd8 20. Qxa7 Nd5 21. Bd2 Qd3 22. b3 c4 23. Qa6 Ne3 24. Re1 Nc2 25. Rc1 Qe2 26. Qxc4 Rxd2 27. Qxe2 Rxe2 28. Kf1 Re4 29. Rxc2 Rxf4 30. Re2 Kf8 31. Kf2 h5 32. g3 Rf5 33. h3 f6 34. g4 hxg4 35. hxg4 Rf4 36. Kg3 fxe5 37. Nxe5 Bxe5 38. Rxe5 Rf6 39. a4 Rd6 40. Kf4 Kf7 41. a5 bxa5 42. Rxa5 Rd1 43. b4 Rc1 44. Rc5 Rb1 45. b5 Rb3 46. c4 1-0

[Event "Pushkino op"]
[Site "Pushkino"]
[Date "2012.01.14"]
[Round "7"]
[White "Shabanov, Nurlan Mammad"]
[Black "Kaurova, Anna"]
[Result "1-0"]
[WhiteElo "2022"]
[BlackElo "1809"]
[PlyCount "87"]
[EventDate "2012.01.11"]
[EventType "swiss"]
[EventRounds "9"]
[EventCountry "RUS"]
[SourceTitle "EXT 2014"]
[Source "ChessBase"]
[SourceDate "2013.11.20"]
[SourceVersion "1"]
[SourceVersionDate "2013.11.20"]
[SourceQuality "1"]

1. d4 Nf6 2. c4 g6 3. Nc3 Bg7 4. e4 d6 5. f4 c5 6. d5 0-0 7. Nf3 Nbd7 8. Bd3 a6 9. a4 Rb8 10. 0-0 e6 11. dxe6 fxe6 12. Ng5 Qe7 13. Bc2 Rd8 14. Qe2 h6 15. Nf3 e5 16. Nd5 Qe8 17. Nc7 Qe7 18. Nd5 Qe8 19. Qf2 Nxd5 20. cxd5 Nf6 21. fxe5 Ng4 22. Qh4 dxe5 23. h3 g5 24. Nxg5 Qg6 25. hxg4 Bf6 26. Rxf6 Qxf6 27. Nf3 Qxh4 28. Nxh4 Bxg4 29. Bxh6 Kh7 30. Be3 Rg8 31. Nf5 Bh3 32. g3 Rbf8 33. Kf2 Rh8 34. Kf3 Kg6 35. d6 Bxf5 36. exf5+ Kf6 37. Be4 b6 38. a5 Rb8 39. axb6 Rxb6 40. Bxc5 Rb3+ 41. Be3 Rxb2 42. Rxa6 Rh1 43. Ra7 Rf1+ 44. Kg4 1-0

[Event "Pushkino op"]
[Site "Pushkino"]
[Date "2012.01.13"]
[Round "5"]
[White "Ofitserian, Boris"]
[Black "Shabanov, Nurlan Mammad"]
[Result "1/2-1/2"]
[WhiteElo "2060"]
[BlackElo "2022"]
[PlyCount "28"]
[EventDate "2012.01.11"]
[EventType "swiss"]
[EventRounds "9"]
[EventCountry "RUS"]
[SourceTitle "EXT 2014"]
[Source "ChessBase"]
[SourceDate "2013.11.20"]
[SourceVersion "1"]
[SourceVersionDate "2013.11.20"]
[SourceQuality "1"]

1. e4 c5 2. Nf3 Nf6 3. Nc3 d5 4. exd5 Nxd5 5. d4 Nxc3 6. bxc3 g6 7. Bc4 Bg7 8. 0-0 0-0 9. Bd3 Nd7 10. Re1 Qa5 11. Bb2 e6 12. Nd2 Rd8 13. Qe2 Qc7 14. Rad1 Nb6 1/2-1/2

[Event "Kimry-ch 60th"]
[Site "Kimry"]
[Date "2012.01.07"]
[Round "9"]
[White "Shabanov, Nurlan Mammad"]
[Black "Denishev, Marat"]
[Result "1-0"]
[WhiteElo "2022"]
[BlackElo "2121"]
[PlyCount "29"]
[EventDate "2012.01.02"]
[EventType "swiss"]
[EventRounds "9"]
[EventCountry "RUS"]
[SourceTitle "CBM 146 Extra"]
[Source "ChessBase"]
[SourceDate "2012.02.29"]
[SourceVersion "1"]
[SourceVersionDate "2012.02.29"]
[SourceQuality "1"]

1. e4 c5 2. Nf3 d6 3. d4 cxd4 4. Nxd4 Nf6 5. Nc3 a6 6. Bg5 e6 7. f4 Be7 8. Qf3 0-0 9. 0-0-0 Nbd7 10. Bd3 Qc7 11. Rhe1 b5 12. e5 Bb7 13. Qh3 dxe5 14. Bxf6 Nxf6 15. fxe5 1-0

[Event "Kimry-ch 60th"]
[Site "Kimry"]
[Date "2012.01.05"]
[Round "6"]
[White "Shabanov, Nurlan Mammad"]
[Black "Yudkevich, Mikhail"]
[Result "1/2-1/2"]
[WhiteElo "2022"]
[BlackElo "2200"]
[PlyCount "77"]
[EventDate "2012.01.02"]
[EventType "swiss"]
[EventRounds "9"]
[EventCountry "RUS"]
[SourceTitle "CBM 146 Extra"]
[Source "ChessBase"]
[SourceDate "2012.02.29"]
[SourceVersion "1"]
[SourceVersionDate "2012.02.29"]
[SourceQuality "1"]

1. d4 e6 2. Nf3 d5 3. g3 Nf6 4. Bg2 Be7 5. 0-0 0-0 6. c4 c6 7. Qc2 Nbd7 8. Nbd2 b6 9. e4 Ba6 10. Re1 Rc8 11. b3 c5 12. exd5 exd5 13. Ba3 Re8 14. Qb2 dxc4 15. bxc4 cxd4 16. Bxe7 Rxe7 17. Nxd4 Rxe1+ 18. Rxe1 Nc5 19. Nc6 Rxc6 20. Bxc6 Nd3 21. Qxf6 gxf6 22. Re8+ Qxe8 23. Bxe8 Nb2 24. Bb5 Bb7 25. Kf1 Kf8 26. Ke1 Ke7 27. c5 bxc5 28. Nb3 Kd6 29. Kd2 a6 30. Be2 Bc8 31. Kc2 Na4 32. Bc4 Ke7 33. Na5 Nb6 34. Bd3 h6 35. a3 Kd6 36. Nc4+ Nxc4 37. Bxc4 Ke7 38. Kc3 a5 39. f4 1/2-1/2

[Event "EU-ch U16"]
[Site "Albena"]
[Date "2011.09.14"]
[Round "4"]
[White "Shabanov, Nurlan Mammad"]
[Black "Srbis, Jurica"]
[Result "1/2-1/2"]
[WhiteElo "1980"]
[BlackElo "2292"]
[PlyCount "35"]
[EventDate "2011.09.11"]
[EventType "swiss"]
[EventRounds "9"]
[EventCountry "BUL"]
[SourceTitle "CBM 144 Extra"]
[Source "ChessBase"]
[SourceDate "2011.10.28"]
[SourceVersion "1"]
[SourceVersionDate "2011.10.28"]
[SourceQuality "1"]

1. d4 Nf6 2. c4 e6 3. Nc3 c5 4. d5 exd5 5. cxd5 d6 6. e4 g6 7. f4 Bg7 8. Nf3 0-0 9. Be2 Re8 10. Nd2 Na6 11. 0-0 Nc7 12. a4 b6 13. Re1 h5 14. h3 Rb8 15. Bb5 Rf8 16. Nf3 Bb7 17. Bc4 a6 18. e5 1/2-1/2

[Event "World School-ch U15 7th"]
[Site "Krakow"]
[Date "2011.05.01"]
[Round "2"]
[White "Lewtak, Dominik"]
[Black "Shabanov, Nurlan Mammad"]
[Result "0-1"]
[WhiteElo "1750"]
[BlackElo "1958"]
[PlyCount "75"]
[EventDate "2011.04.30"]
[EventType "swiss"]
[EventRounds "9"]
[EventCountry "POL"]
[SourceTitle "CBM 142 Extra"]
[Source "ChessBase"]
[SourceDate "2011.06.27"]
[SourceVersion "1"]
[SourceVersionDate "2011.06.27"]
[SourceQuality "1"]

1. e4 c5 2. Nf3 Nf6 3. Nc3 Nc6 4. d4 d5 5. exd5 Nxd5 6. Nxd5 Qxd5 7. Be3 cxd4 8. Nxd4 Qa5+ 9. c3 Nxd4 10. Bxd4 e5 11. Qh5 Bd6 12. f4 0-0 13. fxe5 g6 14. Qf3 Bxe5 15. Bxe5 Re8 16. Be2 Rxe5 17. 0-0 Qb6+ 18. Kh1 Bf5 19. Bc4 Qc7 20. Bd5 Rae8 21. Rad1 h5 22. Qg3 Qe7 23. Bf3 h4 24. Qf2 g5 25. Rd5 Bg6 26. Rxe5 Qxe5 27. Qxa7 Qf4 28. Qf2 Re5 29. h3 b5 30. Qb6 Qg3 31. Qxb5 Bd3 32. Qd5 Bf5 33. a3 Be6 34. a4 Qe1 35. Kh2 Qg3+ 36. Kh1 Bxd5 37. Be4 Qe1 38. Bd3 0-1

[Event "EU-ch U14"]
[Site "Batumi"]
[Date "2010.09.21"]
[Round "2"]
[White "Usmanov, Vasily"]
[Black "Shabanov, Nurlan Mammad"]
[Result "1-0"]
[WhiteElo "2219"]
[BlackElo "1989"]
[PlyCount "101"]
[EventDate "2010.09.20"]
[EventType "swiss"]
[EventRounds "9"]
[EventCountry "GEO"]
[SourceTitle "CBM 138 Extra"]
[Source "ChessBase"]
[SourceDate "2010.10.29"]
[SourceVersion "1"]
[SourceVersionDate "2010.10.29"]
[SourceQuality "1"]

1. d4 Nf6 2. c4 g6 3. Nc3 Bg7 4. e4 d6 5. Nf3 0-0 6. Be2 Bg4 7. Be3 Nfd7 8. Ng1 Bxe2 9. Ngxe2 c5 10. 0-0 cxd4 11. Nxd4 Nc6 12. Rc1 a5 13. Qd2 Nc5 14. Rfd1 Rc8 15. Nde2 Ne5 16. b3 Ng4 17. Bg5 Ne6 18. Nd5 Nxg5 19. Qxg5 Nf6 20. Nec3 Rc6 21. Rd3 Re8 22. Rh3 Nd7 23. f4 h6 24. Qh4 Kh7 25. e5 e6 26. Qxd8 Rxd8 27. Ne7 Ra6 28. Ne4 Bf8 29. exd6 Kg7 30. c5 f5 31. Nf2 Nxc5 32. Rg3 Raxd6 33. Nxg6 b6 34. Ne5+ Kf6 35. a3 Ne4 36. Rg6+ Ke7 37. Nc6+ Kf7 38. Nxe4 fxe4 39. Ne5+ Ke8 40. Kf2 Rd2+ 41. Ke3 Bxa3 42. Rc7 R2d3+ 43. Nxd3 exd3 44. Rg8+ Bf8 45. Kd2 h5 46. Rh8 b5 47. Ra7 a4 48. bxa4 b4 49. Rb7 b3 50. Rxb3 Kf7 51. Rxh5 1-0

[Event "Wch U14"]
[Site "Kemer"]
[Date "2009.11.21"]
[Round "10"]
[White "Shabanov, Nurlan Mammad"]
[Black "Gundogan, Cem"]
[Result "1/2-1/2"]
[WhiteElo "1950"]
[BlackElo "1819"]
[PlyCount "59"]
[EventDate "2009.11.12"]
[EventType "swiss"]
[EventRounds "11"]
[EventCountry "TUR"]
[SourceTitle "EXT 2010"]
[Source "ChessBase"]
[SourceDate "2010.11.25"]
[SourceVersion "1"]
[SourceVersionDate "2010.11.25"]
[SourceQuality "1"]

1. d4 d5 2. c4 e6 3. Nc3 Nf6 4. cxd5 exd5 5. Bf4 c6 6. e3 Qa5 7. Bd3 Nbd7 8. Nge2 Be7 9. 0-0 0-0 10. Qc2 h6 11. f3 Nh5 12. Bg3 Nxg3 13. Nxg3 Nf6 14. Bf5 Re8 15. e4 Bxf5 16. Nxf5 Bf8 17. e5 Nd7 18. f4 c5 19. dxc5 Qxc5+ 20. Qf2 Qxf2+ 21. Kxf2 g6 22. Nd4 Bc5 23. Rad1 f6 24. exf6 Nxf6 25. Kf3 Rad8 26. g4 Ne4 27. f5 Bxd4 28. Rxd4 Nxc3 29. bxc3 gxf5 30. gxf5 1/2-1/2

[Event "Wch U14"]
[Site "Kemer"]
[Date "2009.11.20"]
[Round "9"]
[White "Shabanov, Nurlan Mammad"]
[Black "Modi, Jaishil Bhadrashil"]
[Result "0-1"]
[WhiteElo "1950"]
[BlackElo "1646"]
[PlyCount "160"]
[EventDate "2009.11.12"]
[EventType "swiss"]
[EventRounds "11"]
[EventCountry "TUR"]
[SourceTitle "EXT 2010"]
[Source "ChessBase"]
[SourceDate "2010.11.25"]
[SourceVersion "1"]
[SourceVersionDate "2010.11.25"]
[SourceQuality "1"]

1. d4 Nf6 2. c4 c5 3. d5 b5 4. a4 bxc4 5. Nc3 d6 6. e4 Ba6 7. f4 Nbd7 8. Nf3 Qc7 9. Nd2 Rb8 10. Bxc4 Bxc4 11. Nxc4 a6 12. 0-0 Nb6 13. Nxb6 Rxb6 14. Qe2 Qb7 15. Rd1 e5 16. dxe6 fxe6 17. e5 dxe5 18. a5 Rb4 19. Qxe5 Qc6 20. Bd2 Be7 21. Nd5 Re4 22. Nxf6+ Bxf6 23. Qh5+ g6 24. Qf3 0-0 25. Re1 Rxe1+ 26. Rxe1 Qxf3 27. gxf3 Kf7 28. Bc3 Bxc3 29. bxc3 Rb8 30. Kf2 Rb5 31. Ra1 Rb3 32. Rc1 Ra3 33. Rb1 Kf6 34. Rb7 h5 35. Ke2 Rxa5 36. h4 Ra4 37. Rc7 Rc4 38. Ra7 Rxf4 39. Rxa6 Rxh4 40. Rc6 c4 41. Kf2 Rf4 42. Kg3 Kf5 43. Rc7 h4+ 44. Kg2 e5 45. Rf7+ Ke6 46. Rg7 Kf6 47. Rg8 g5 48. Rf8+ Kg7 49. Re8 g4 50. Rxe5 gxf3+ 51. Kf2 Kf6 52. Rh5 Kg6 53. Rh8 Kf5 54. Ke3 Kg4 55. Rg8+ Kh3 56. Kf2 Rg4 57. Rc8 Rg2+ 58. Kf1 Rc2 59. Rc7 Rxc3 60. Kf2 Kg4 61. Rg7+ Kh5 62. Rh7+ Kg5 63. Rg7+ Kf5 64. Rf7+ Ke4 65. Re7+ Kd3 66. Rd7+ Kc2 67. Rh7 Rd3 68. Rxh4 c3 69. Ke1 Rd2 70. Rc4 f2+ 71. Kf1 Kb3 72. Rc8 Kb2 73. Rb8+ Kc1 74. Kg2 c2 75. Rh8 Kd1 76. Rh1+ Ke2 77. Rc1 Kd3 78. Ra1 Rd1 79. Ra3+ Ke2 80. Kh2 f1Q 0-1

[Event "Wch U14"]
[Site "Kemer"]
[Date "2009.11.19"]
[Round "8"]
[White "Lukovic, Vladimir"]
[Black "Shabanov, Nurlan Mammad"]
[Result "1/2-1/2"]
[WhiteElo "2122"]
[BlackElo "1950"]
[PlyCount "63"]
[EventDate "2009.11.12"]
[EventType "swiss"]
[EventRounds "11"]
[EventCountry "TUR"]
[SourceTitle "EXT 2010"]
[Source "ChessBase"]
[SourceDate "2010.11.25"]
[SourceVersion "1"]
[SourceVersionDate "2010.11.25"]
[SourceQuality "1"]

1. e4 c5 2. Nf3 g6 3. d4 Bg7 4. c3 cxd4 5. cxd4 d5 6. e5 Nc6 7. h3 Nh6 8. b3 0-0 9. Bb2 f6 10. exf6 exf6 11. Be2 Be6 12. 0-0 Qd7 13. Re1 Rae8 14. Nbd2 Nf5 15. a3 Nd6 16. b4 b6 17. Rc1 Ne7 18. a4 g5 19. Bd3 Ng6 20. Bxg6 hxg6 21. Qc2 Kf7 22. Qc7 Rc8 23. Qxd7+ Bxd7 24. b5 Rxc1 25. Rxc1 Rc8 26. Rxc8 Bxc8 27. g4 Ke6 28. Ne1 Nc4 29. Nxc4 dxc4 30. Bc3 Bb7 31. f3 Bf8 32. Kf2 1/2-1/2